000 00849nam a2200217Ia 4500
003 Ost
005 20260507075341.0
008 260507s9999||||xx |||||||||||||| ||und||
020 _a9961932935
040 _cfsecg
041 _aara
082 _a330
100 _aقاري، عبد الحميد
_eمؤلف
245 0 _aدليل تسيير المشاريع /
_c عبد الحميد قاري
260 _aالجزائر:
_bدار الخلدونية,
_c2005
300 _a132 صفحة؛
_bإيضاحات ؛
_c29 سم
520 _a-دراسات قبل التطور،مراحل تطور المشروع،تطبيق المشروع،العقود في المشاريع الصناعية،تصميم وجدولة،تعريف المشروع وتاريخه
653 _aإدارة الأعمال
653 _aالمشروعات
942 _cكتاب
999 _c44093
_d44093